El Estado y el crecimiento de la población
Збережено в:
| Автор: | |
|---|---|
| Формат: | Текст |
| Опубліковано: |
s.n.t. :
|
| Теги: |
Додати тег
Немає тегів, Будьте першим, хто поставить тег для цього запису!
|
MARC
| LEADER | 00000 a a2200000 04500 | ||
|---|---|---|---|
| 001 | 17480 | ||
| 003 | |||
| 040 | |||
| 090 | |a 010800 | ||
| 100 | |a Asís Beirute, Miguel | ||
| 245 | |a El Estado y el crecimiento de la población | ||
| 260 | |a s.n.t. : | ||
| 300 | |a 5 p. | ||
| 999 | |c 5238 |d 5238 | ||
